000 00718nas a2200253 4500
001 BR9203448
003 BR-BrBNA
005 20231205092639.0
007 ta
008 230509b bl.|||p| |||| 00| 00por d
040 _aBR-BrBNA
_bpor
_cBiblioteca Nacional de Agricultura
041 _a(Pt)
072 _aL02
100 1 _aCosta, N. de L.
100 1 _aGonzalez, E.P.
245 1 _aProducao de leite em pastagem consorciada
650 _aNUTRICAO ANIMAL
650 _aLEITE
650 _aFORRAGEM
650 _aPASTAGEM CONSORCIADA
773 0 _tLavoura Arrozeira (Brazil)
_xISSN 0023-9143
_g(Jul-Aug 1991), v. 44(397) p. 32
_wBR9203448
909 _a202311
_bLúcia
_c55
_dLúcia Elande
942 _2AGRIS
_n0
_cANA
999 _c133128
_d133128